000 00627nam a2200277Ia 4500
005 20260324131519.0
008 008 260324s9999 xx 000 0 eng d
020 _a9780203008195
037 _aEBOOK
040 _aCRL
040 _beng
040 _cCRL
041 _2eng
041 _aeng
084 _qCRL
100 _aSimon Oliver
_91185793
245 0 _aPhilosophy, God and Motion
260 _bTaylor and Francis
260 _c2006
365 _a
365 _b300
856 _uhttp://www.taylorfrancis.com/books/9780203008195
942 _cEBOOK
999 _c1783028
_d1783028